000 00350nam a22001697a 4500
003 UA-OsUOA
001 2192
007 ta
008 20050721b un ||||| |||| 00| 0 ukr d
100 _aBurke
700 _aJim
942 _cBK
040 _aUA-OsUOA
_cUA-OsUOA
_dUA-OsUOA
245 _aA present for Santa.
_bFiction
955 _a2
650 7 _2UDC
999 _c288354
_d288354